| 000 | 01797nam a22002657a 4500 | ||
|---|---|---|---|
| 999 |
_c60697 _d60697 |
||
| 003 | Ge_BSU | ||
| 005 | 20231011140237.0 | ||
| 008 | 231010s2023ge xxu||||| |||| 00| 0 geo d | ||
| 020 | _a9789941488771 | ||
| 041 | _ageo | ||
| 080 | _a575:574.2 ბ-25 | ||
| 100 |
_aბარათაშილი, დავით _920046 _eავტორი |
||
| 245 |
_aეკოლოგიური გენეტიკა : _bსახელმძღვ. უმაღლესი სასწავლებლების სტუდენტებისათვის / _cდავით ბარათაშვილი, მარინა ქორიძე, რედ: ქეთავან დოლიძე, მარინა ნაგერვაძე. |
||
| 264 |
_aბათუმი : _bბათუმის შოთა რუსთაველის სახელმწიფო უნივერსიტეტი, _c2023. |
||
| 300 |
_a295 გვ.: _bილ; _c23 სმ. |
||
| 501 | _aტერმინებისა და განმარტებათა ლექს.გვ:281-290. | ||
| 504 | _aბიბლოოგრაფ. გვ:291-295 | ||
| 653 | _aეკოლოგიური გენეტიკა | ||
| 653 | _aბიოლოგია | ||
| 700 |
_aქორიძე მარინა, _920047 _e ავტორი |
||
| 700 |
_aდოლიძე, ქეთევან _eრედაქტორი _9333 |
||
| 700 |
_aნაგერვაძე, მარინა _eრედაქტორი _99939 |
||
| 710 |
_aბათუმის შოთა რუსთაველის სახელმწიფო უნივერსიტეტი ბიოლოგიის დეპარტამენტი _920048 |
||
| 942 |
_2udc _cBK |
||